| 000 | 00423nmm a2200157Ia 4500 | ||
|---|---|---|---|
| 008 | 251105s9999||||xx |||||||||||||||||und|| | ||
| 041 | _aspa | ||
| 100 | _aGarbera, Katherine | ||
| 245 | 0 | _aAmante ocasional | |
| 264 |
_a[Madrid, España] : _bHarlequin, _c2012 |
||
| 300 | _a160 páginas | ||
| 490 | _a'Rey de corazones' | ||
| 650 | _aRomance | ||
| 856 | _uhttps://public.digitaliapublishing.com/a/50333 | ||
| 942 | _cCF | ||
| 999 |
_c100535 _d100535 |
||